|
|
|
|
| LEADER |
00000nam a2200000Ii 4500 |
| 001 |
DIGUNCK0086 |
| 003 |
NyNyDIG |
| 006 |
m o d |
| 008 |
200122t20142008ck ob 001 0 spa d |
| 007 |
cr ||||||||||| |
| 035 |
|
|
|a (OCoLC)1137740942
|
| 040 |
|
|
|a DGITA
|b eng
|e rda
|e pn
|c DGITA
|
| 020 |
|
|
|a 9789587751215
|q (eBook ;
|q pdf)
|
| 020 |
|
|
|a 9587751213
|q (eBook ;
|q pdf)
|
| 020 |
|
|
|z 9789587191400
|
| 020 |
|
|
|z 9587191404
|
| 043 |
|
|
|a s-ck---
|
| 050 |
1 |
4 |
|a PQ8161.V33 ebook
|
| 082 |
0 |
4 |
|a 860.9986109034
|
| 100 |
1 |
|
|a Padilla Chasing, Iván Vicente,
|e author.
|
| 245 |
1 |
3 |
|a El debate de la hispanidad en Colombia en el siglo XIX :
|b lectura de la Historia de la literatura en Nueva Granada de José María Vergara y Vergara /
|c Iván Vicente Padilla Chasing.
|
| 246 |
3 |
|
|a Debate de la hispanidad en Colombia en el siglo 19
|
| 246 |
3 |
0 |
|a Lectura de la Historia de la literatura en Nueva Granada de José María Vergara y Vergara
|
| 264 |
|
1 |
|a Bogotá, D.C. :
|b Universidad Nacional de Colombia, Facultad de Ciencias Sociales, Departamento de Literatura, Grupo Historia y Literatura,
|c [2014]
|
| 264 |
|
4 |
|c ©2008
|
| 300 |
|
|
|a 1 online resource.
|
| 336 |
|
|
|a text
|b txt
|2 rdacontent
|
| 337 |
|
|
|a computer
|b c
|2 rdamedia
|
| 338 |
|
|
|a online resource
|b cr
|2 rdacarrier
|
| 347 |
|
|
|a text file
|2 rdaft
|
| 347 |
|
|
|b PDF
|
| 490 |
1 |
|
|a Biblioteca abierta ;
|v 361.
|a Colección general.
|a Literatura
|
| 504 |
|
|
|a Includes bibliographical references and indexes.
|
| 505 |
0 |
|
|a La Historia de la literatura en Nueva Granada y el debate de la hispanidad en Colombia en el siglo XIX -- La Historia de la literatura en Nueva Granada y la cuestión religiosa -- Raza, herencia y tradición : la idea de literatura y de escritor en la Historia de la literatura en Nueva Granada.
|
| 588 |
0 |
|
|a Online resource; title from PDF title page (Digitalia, viewed January 30, 2020)
|
| 600 |
1 |
0 |
|a Vergara y Vergara, José María,
|d 1831-1872.
|t Historia de la literatura en Nueva Granada.
|
| 650 |
|
0 |
|a Colombian literature
|y 19th century
|x History and criticism.
|
| 650 |
|
0 |
|a National characteristics, Colombian, in literature.
|
| 651 |
|
0 |
|a Colombia
|x Civilization
|y 19th century.
|
| 655 |
|
0 |
|a Electronic books.
|
| 791 |
2 |
|
|a Digitalia (Firm),
|e distributor.
|
| 793 |
0 |
|
|g Digitalia eBook Collection:
|a Universidad Nacional de Colombia
|
| 776 |
0 |
8 |
|i Print version:
|a Padilla Chasing, Iván Vicente.
|t Debate de la hispanidad en Colombia en el siglo XIX.
|b 1. ed.
|d Bogotá, D.C. : Universidad Nacional de Colombia, Facultad de Ciencias Sociales, Departamento de Literatura, Grupo Historia y Literatura, 2008
|z 9789587191400
|w (DLC) 2009433541
|w (OCoLC)315913910
|
| 830 |
|
0 |
|a Biblioteca abierta ;
|v 361.
|
| 830 |
|
0 |
|a Biblioteca abierta.
|p Colección general.
|p Literatura.
|
| 856 |
4 |
0 |
|3 Digitalia Hispánica
|u https://www.digitaliapublishing.com/a/62194/
|
| 910 |
|
|
|a Premium collection: 2020
|